000 00541 a2200157 4500
005 20250604164011.0
020 _a0-471-65631-3
082 _aTEA LECT 620.004 MON
100 _aMONTGOMERY, D. C.
245 _aIntroduction To Statistical Quality Control
250 _a5th Ed.
260 _aNew York,
_bJohn Wiley & Sons Inc,
_c2005.
300 _axvi, 759p.: ill.; figure, graph, table.
_bBibliography, index.
_c27cm.
856 _yAccess online book
_fIntroduction to Statistical Control
_dwww.wiley.com/college/montgomery
942 _2ddc
_cBKS
999 _c3158
_d3158